00558 2200205 4500245004700000020001800047250001100065100001700076700001800093700001900111650001700130005001900147260004200166041001400208084001300222300003200235500006500267336000900332338001100341 aMail Girlfriend Vol. 2cTowa, OshimahText a9786022104087 aCet. 1 aTowa, Oshima aLidwina Leung aMarin Hermanto aKomik Jepang a20230130090153 aJakartabGramedia Pustaka Utamac2011 aIndonesia a741.5592 a... jil. :bilus. ;c18 cm. aJudul asli : Melkano Vol. 2 Diterjemahkan dari bahasa Jepang atext avolume